The wild horse controversy /

Bibliographic Details
Main Author: Thomas, Heather Smith, 1944-
Format: Book
Language:English
Published: South Brunswick [N.J.] : London : A.S. Barnes ; Thomas Yoseloff, [1979]
Subjects:

MARC

Tag First Indicator Second Indicator Subfields
LEADER 00000pam a2200000 a 4500
001 in00000086837
005 20151008062805.0
008 790216s1979 njua b 00110 engm
010 |a  77084588  
020 |a 0498021912 :  |c $19.95 
035 |a (OCoLC)04884151 
035 |9 AAK0943AM 
040 |a DLC  |c DLC  |d m.c.  |d TXA  |d UtOrBLW 
043 |a n-us---  |a n-usp-- 
049 |a TXAM [Also in] [Sp Coll]  |c 1 [1272594]  |a TXAS  |c 2 [1702554] 
050 0 0 |a SF284.U5  |b T48 1979 
082 0 |a 333.9/5 
100 1 |a Thomas, Heather Smith,  |d 1944- 
245 1 4 |a The wild horse controversy /  |c by Heather Smith Thomas. 
264 1 |a South Brunswick [N.J.] :  |b A.S. Barnes ;  |a London :  |b Thomas Yoseloff,  |c [1979] 
264 4 |c ©1979 
300 |a 284 pages :  |b illustrations ;  |c 29 cm. 
336 |a text  |b txt  |2 rdacontent 
337 |a unmediated  |b n  |2 rdamedia 
338 |a volume  |b nc  |2 rdacarrier 
500 |a Includes index. 
504 |a Bibliography: pages 269-278. 
650 0 |a Wild horses  |z West (U.S.) 
650 0 |a Horses  |x Law and legislation  |z United States. 
650 0 |a Donkeys  |z West (U.S.) 
650 0 |a Donkeys  |x Law and legislation  |z United States. 
650 0 |a Public lands  |z United States. 
999 |a MARS 
999 f f |s 478faec5-a09e-35b6-b487-cfd667dba5cd  |i dfce5223-f3fa-32bd-b300-38b9685578c8  |t 0 
952 f f |p noncirc  |a Texas A&M University  |b College Station  |c Cushing Memorial Library & Archives  |d Cushing: Dykes (Does not check out)  |t 0  |e SF284.U5 T48 1979  |h Library of Congress classification  |i unmediated -- volume  |m A14851930629 
998 f f |a SF284.U5 T48 1979  |t 0  |l Cushing: Dykes (Does not check out)